<?xml version="1.0" encoding="UTF-8"?>
<record
    xmlns:xsi="http://www.w3.org/2001/XMLSchema-instance"
    xsi:schemaLocation="http://www.loc.gov/MARC21/slim http://www.loc.gov/standards/marcxml/schema/MARC21slim.xsd"
    xmlns="http://www.loc.gov/MARC21/slim">

  <leader>01794nam0a22002771  4500</leader>
  <controlfield tag="001">rc\3768805</controlfield>
  <controlfield tag="005">20250530043116.0</controlfield>
  <datafield tag="021" ind1=" " ind2=" ">
    <subfield code="a">RU</subfield>
    <subfield code="b">&#x420;&#x433;12476-75</subfield>
  </datafield>
  <datafield tag="021" ind1=" " ind2=" ">
    <subfield code="a">RU</subfield>
    <subfield code="b">75-72152</subfield>
  </datafield>
  <datafield tag="035" ind1=" " ind2=" ">
    <subfield code="a">(NLR Aleph) 007219325</subfield>
  </datafield>
  <datafield tag="090" ind1=" " ind2=" ">
    <subfield code="a">7692548</subfield>
    <subfield code="c">7692548</subfield>
  </datafield>
  <datafield tag="100" ind1=" " ind2=" ">
    <subfield code="a">20120127d1975    |||y0rusy50      ca</subfield>
  </datafield>
  <datafield tag="101" ind1="0" ind2=" ">
    <subfield code="a">rus</subfield>
  </datafield>
  <datafield tag="102" ind1=" " ind2=" ">
    <subfield code="a">RU</subfield>
  </datafield>
  <datafield tag="105" ind1=" " ind2=" ">
    <subfield code="a">y   z   |||||</subfield>
  </datafield>
  <datafield tag="200" ind1="1" ind2=" ">
    <subfield code="a">&#x420;&#x435;&#x43A;&#x43E;&#x43C;&#x435;&#x43D;&#x434;&#x430;&#x446;&#x438;&#x438; &#x43C;&#x435;&#x436;&#x43E;&#x442;&#x440;&#x430;&#x441;&#x43B;&#x435;&#x432;&#x43E;&#x439; &#x43D;&#x430;&#x443;&#x447;&#x43D;&#x43E;-&#x442;&#x435;&#x445;&#x43D;&#x438;&#x447;&#x435;&#x441;&#x43A;&#x43E;&#x439; &#x43A;&#x43E;&#x43D;&#x444;&#x435;&#x440;&#x435;&#x43D;&#x446;&#x438;&#x438; "&#x410;&#x43D;&#x430;&#x43B;&#x438;&#x437; &#x438; &#x43F;&#x440;&#x43E;&#x433;&#x43D;&#x43E;&#x437; &#x432; &#x441;&#x438;&#x441;&#x442;&#x435;&#x43C;&#x430;&#x445; &#x443;&#x43F;&#x440;&#x430;&#x432;&#x43B;&#x435;&#x43D;&#x438;&#x44F;" (&#x433;. &#x411;&#x440;&#x435;&#x441;&#x442;, 29-30 &#x43C;&#x430;&#x44F; 1975 &#x433;.)</subfield>
    <subfield code="f">&#x411;&#x435;&#x43B;&#x43E;&#x440;&#x443;&#x441;. &#x41D;&#x418;&#x418; &#x43D;&#x430;&#x443;&#x447;.-&#x442;&#x435;&#x445;&#x43D;. &#x438;&#x43D;&#x444;&#x43E;&#x440;&#x43C;&#x430;&#x446;&#x438;&#x438; &#x438; &#x442;&#x435;&#x445;&#x43D;.-&#x44D;&#x43A;&#x43E;&#x43D;. &#x438;&#x441;&#x441;&#x43B;&#x435;&#x434;&#x43E;&#x432;&#x430;&#x43D;&#x438;&#x439; &#x413;&#x43E;&#x441;&#x43F;&#x43B;&#x430;&#x43D;&#x430; &#x411;&#x421;&#x421;&#x420;. &#x41A;&#x43E;&#x43C;&#x438;&#x441;. &#x43F;&#x43E; &#x43F;&#x440;&#x43E;&#x433;&#x43D;&#x43E;&#x437;&#x438;&#x440;&#x43E;&#x432;&#x430;&#x43D;&#x438;&#x44E; &#x431;&#x43E;&#x43B;&#x44C;&#x448;&#x438;&#x445; &#x441;&#x438;&#x441;&#x442;&#x435;&#x43C; &#x41A;&#x43E;&#x43C;. &#x43F;&#x43E; &#x43F;&#x440;&#x438;&#x43A;&#x43B;. &#x43C;&#x435;&#x442;&#x43E;&#x434;&#x430;&#x43C; &#x43C;&#x430;&#x442;&#x435;&#x43C;&#x430;&#x442;&#x438;&#x43A;&#x438; &#x438; &#x432;&#x44B;&#x447;&#x438;&#x441;&#x43B;&#x438;&#x442;. &#x442;&#x435;&#x445;&#x43D;&#x438;&#x43A;&#x438; &#x412;&#x421;&#x41D;&#x422;&#x41E;. &#x411;&#x435;&#x43B;&#x43E;&#x440;&#x443;&#x441;. &#x442;&#x435;&#x440;&#x440;&#x438;&#x442;&#x43E;&#x440;. &#x441;&#x435;&#x43A;&#x446;&#x438;&#x44F; &#x41D;&#x430;&#x443;&#x447;. &#x441;&#x43E;&#x432;&#x435;&#x442;&#x430; &#x410;&#x41D; &#x421;&#x421;&#x421;&#x420; &#x43F;&#x43E; &#x43A;&#x43E;&#x43C;&#x43F;&#x43B;&#x435;&#x43A;&#x441;&#x43D;&#x43E;&#x439; &#x43F;&#x440;&#x43E;&#x431;&#x43B;&#x435;&#x43C;&#x435; "&#x41E;&#x43F;&#x442;&#x438;&#x43C;. &#x43F;&#x43B;&#x430;&#x43D;&#x438;&#x440;&#x43E;&#x432;&#x430;&#x43D;&#x438;&#x435; &#x438; &#x443;&#x43F;&#x440;. &#x43D;&#x430;&#x440;. &#x445;&#x43E;&#x437;-&#x432;&#x43E;&#x43C;". &#x41C;&#x43E;&#x441;&#x43A;. &#x430;&#x432;&#x438;&#x430;&#x446;. &#x438;&#x43D;-&#x442; &#x438;&#x43C;. &#x41E;&#x440;&#x434;&#x436;&#x43E;&#x43D;&#x438;&#x43A;&#x438;&#x434;&#x437;&#x435;. &#x411;&#x435;&#x43B;&#x43E;&#x440;&#x443;&#x441;. &#x440;&#x435;&#x441;&#x43F;. &#x441;&#x43E;&#x432;&#x435;&#x442; &#x41D;&#x422;&#x41E;. &#x411;&#x435;&#x43B;&#x43E;&#x440;&#x443;&#x441;. &#x433;&#x43E;&#x441;. &#x438;&#x43D;-&#x442; &#x43D;&#x430;&#x440;. &#x445;&#x43E;&#x437;-&#x432;&#x430; &#x438;&#x43C;. &#x412;.&#x412;. &#x41A;&#x443;&#x439;&#x431;&#x44B;&#x448;&#x435;&#x432;&#x430;</subfield>
  </datafield>
  <datafield tag="210" ind1=" " ind2=" ">
    <subfield code="a">&#x41C;&#x438;&#x43D;&#x441;&#x43A;</subfield>
    <subfield code="c">&#x411;. &#x438;.</subfield>
    <subfield code="d">1975</subfield>
  </datafield>
  <datafield tag="215" ind1=" " ind2=" ">
    <subfield code="a">6 &#x441;.</subfield>
    <subfield code="d">20</subfield>
  </datafield>
  <datafield tag="309" ind1=" " ind2=" ">
    <subfield code="a">&#x411;&#x435;&#x437; &#x442;&#x438;&#x442;. &#x43B;. &#x438; &#x43E;&#x431;&#x43B;.</subfield>
  </datafield>
  <datafield tag="710" ind1="1" ind2="2">
    <subfield code="a">"&#x410;&#x43D;&#x430;&#x43B;&#x438;&#x437; &#x438; &#x43F;&#x440;&#x43E;&#x433;&#x43D;&#x43E;&#x437; &#x432; &#x441;&#x438;&#x441;&#x442;&#x435;&#x43C;&#x430;&#x445; &#x443;&#x43F;&#x440;&#x430;&#x432;&#x43B;&#x435;&#x43D;&#x438;&#x44F;", &#x43C;&#x435;&#x436;&#x43E;&#x442;&#x440;&#x430;&#x441;&#x43B;&#x435;&#x432;&#x430;&#x44F; &#x43D;&#x430;&#x443;&#x447;&#x43D;&#x43E;-&#x442;&#x435;&#x445;&#x43D;&#x438;&#x447;&#x435;&#x441;&#x43A;&#x430;&#x44F; &#x43A;&#x43E;&#x43D;&#x444;&#x435;&#x440;&#x435;&#x43D;&#x446;&#x438;&#x44F;</subfield>
    <subfield code="e">&#x411;&#x440;&#x435;&#x441;&#x442;</subfield>
    <subfield code="f">1975</subfield>
    <subfield code="9">811779</subfield>
    <subfield code="3">RU\NLR\AUTH\880572756</subfield>
  </datafield>
  <datafield tag="801" ind1=" " ind2="0">
    <subfield code="a">RU</subfield>
    <subfield code="b">NLR</subfield>
    <subfield code="g">psbo</subfield>
  </datafield>
  <datafield tag="801" ind1=" " ind2="1">
    <subfield code="a">RU</subfield>
    <subfield code="b">ELAR</subfield>
    <subfield code="2">rusmarc</subfield>
  </datafield>
  <datafield tag="852" ind1=" " ind2=" ">
    <subfield code="a">NLR</subfield>
    <subfield code="j">75-4/15087</subfield>
  </datafield>
  <datafield tag="942" ind1=" " ind2=" ">
    <subfield code="c">BOOK</subfield>
  </datafield>
  <datafield tag="980" ind1=" " ind2=" ">
    <subfield code="a">NB</subfield>
  </datafield>
  <datafield tag="995" ind1=" " ind2=" ">
    <subfield code="5">2013-10-26</subfield>
    <subfield code="b">NLR01</subfield>
    <subfield code="c">NLR01</subfield>
    <subfield code="e">RF91</subfield>
    <subfield code="f">7219325-10</subfield>
    <subfield code="k">75-4/15087</subfield>
    <subfield code="o">0</subfield>
    <subfield code="r">BOOK</subfield>
    <subfield code="s">75415087_</subfield>
  </datafield>
</record>
